000
00261nam a2200097Ia 4500
001
717894
005
20250826163013.0
008
250824s9999 xx 000 0 und d
245
0
_a
ÖLÜ BİR KENTİN MORG ALFABESİ
_c
KAHRAMAN TAZEOĞLU
260
_b
DESTEK YAYINLARI
999
_c
717894
_d
717894